000 00443cam a2200181ua 4500
020 _c7.00
041 _ahin
_h
082 _a891.54
_bSHI/PR
100 _aShivarani Devi, Premchand .
245 _aPremchand: Ghar mem /
_cShivarani devi Premchand.
_hTextual Documents
250 _a1 /
_b.
260 _a :
_bAtmaram and Sons ,
_c1956.
300 _a273 ; .
365 _a7.00
504 _a
942 _cBK
999 _c8370
_d8370